Les pays dans les chansons - Statistiques

Statistiques générales
  • Ce quiz a été pris 130 fois
  • Le résultat moyen est 30 sur 85
Statistiques - réponses
Interprète Pays Titre % Correct
Sheila et Ringo Italie Laisse les gondoles à {Venise}
92%
Charles Aznavour Italie Que c'est triste {Venise}
92%
Jacqueline Dulac Italie {Venise} sous la neige
92%
Charles Trenet France Douce {France}
90%
Michel Polnaref France Lettre à {France}
90%
Renaud Axelle Red Afghanistan Manhattan-{Kaboul}
85%
Claude François Egypte {Alexandrie} Alexandra
83%
Michel Sardou Irlande Les lacs du {Connemara}
83%
Luis Mariano Mexique M{Mexico}
78%
Téléphone Etats-Unis {New York} avec toi
77%
Jacques Brel Pays-Bas A{Amsterdam}
70%
Lilicub Italie Voyage en {Italie}
70%
Line Renaud Canada Ma cabane au {Canada}
68%
Luis Mariano Espagne La belle de {Cadix}
66%
La Grande Sophie Viêt Nam H{Hanoi}
61%
Jacques Brel Pologne Les remparts de {Varsovie}
60%
Enrico Macias Algérie Les filles {de mon pays}
59%
Nino Ferrer France Le {Sud}
59%
Patrick Bruel Tunisie Au café {des délices}
55%
Barbara Pravi Espagne B{Barcelone}
55%
Georgette Plana Espagne Viva {España}
55%
Gold Liban Ville de {lumière}
52%
Véronique Sanson Canada V{Vancouver}
52%
Julien Doré Seychelles P{Paris Seychelles}
50%
Michel Sardou Etats-Unis Chanteur de {jazz}
49%
Jacques Brel France V{Vesoul}
49%
France Gall Chine {Hong Kong} Star
48%
Bourvil Irlande La balade {irlandaise}
48%
Benjamin Biolay Argentine B{Buenos aires}
46%
Claude Nougaro Etats-Unis N{Nougayork}
44%
Louis Lynel Chine Nuits de {Chine}
44%
Stone et Charden France Made {in Normandie}
43%
Les chats sauvages France Twist {à Saint-Tropez}
43%
Gilbert Bécaud Russie N{Nathalie}
40%
Angèle Belgique B{Bruxelles je t'aime}
39%
Claude Barzotti Italie Le {Rital}
39%
Michel Sardou France J'habite {en France}
38%
Jacques Brel Belgique Les F{Flamandes}
38%
Etienne Daho France Tombé {pour la France}
37%
Patricia Kaas Allemagne D'{Allemagne}
35%
Joe Dassin Cuba G{Guantanamera}
35%
Jacques Brel Belgique Le {plat pays}
35%
Isabelle Adjani Etats-Unis O{Ohio}
35%
Henri Salvador Italie S{Syracuse}
35%
Line Renaud Brésil C{Copacabana}
33%
Dalida Grèce Les enfants {du Pirée}
33%
Serge Reggiani Italie L'{Italien}
33%
Sapho Côte d'Ivoire A{Abidjan}
29%
Martin Circus Sénégal Je m'{éclate au Sénégal}
28%
Jeanne Moreau Inde {India} Song
26%
Julien Clerc Etats Unis La {Californie}
25%
Mort Schuman Suisse Le {lac majeur}
25%
Marie Laforêt Russie Ivan, {Boris et moi}
23%
Marc Lavoine Viêt Nam Bonjour {Vietnam}
22%
Renaud Irlande La balade {nord irlandaise}
22%
Henri Salvador Cuba Juanita {Banana}
21%
Laurent Voulzy France B{Belle ile en mer} M{Marie galante}
19%
Michel Sardou Russie V{Vladimir Ilitch}
18%
Sylvie Vartan Bulgarie La M{Maritza}
17%
Enrico Macias France Les {gens du Nord}
15%
Ray Ventura et ses collègiens Allemagne On ira pendre notre linge sur la {ligne Siegfried}
15%
Lys Gauty Chili V{Valparaiso}
15%
Annie Cordy Allemagne F{Frida oum papa}
13%
Charles Trenet France N{Nationale 7}
11%
Ivanov Russie Les nuits sans {soleil}
10%
Tino Rossi France Les roses de {Picardie}
10%
Dalida Grèce La danse {de Zorba}
7%
Claude Nougaro Etats Unis A{Armstrong}
5%
Jean Clément Japon Amours {nippones}
5%
Guy Béart Inde C{Chandernagor}
5%
Jacqueline Dulac Pologne Ceux {de Varsovie}
5%
Philippe Katerine Angleterre La {reine d'Angleterre}
5%
Jacqueline François Portugal Les {lavandières du Portugal}
5%
Jacques Brel Belgique Les F{Flamingants}
4%
MC Solaar Inde Au {pays de Gandhi}
3%
Alain Souchon France Le {Baiser}
1%
Aristide Bruant France Le chant {des canuts}
1%
Dalida Angleterre L{Lambeth walk}
1%
Georges Moustaki Allemagne G{Gaspard}
0%
Patrice et Mario Andorre Le {muletier d'Andorre}
0%
Dario Moreno Turquie Les {filles d'Istanbul}
0%
Ray Ventura et ses collégiens Chine Les {trois mandarins}
0%
Jean Lumière Japon Le tango {de Mitsouko}
0%
Enrico Macias France S{Solenzara}
0%
Les Compagnons de la Chanson Norvège Tant {que la neige tombe en Norvège}
0%
Aucun quiz correspondant
Distribution des résultats
% des personnes avec chaque résultat
Percentile par nombre de réponses
Votre historique - résultats
Vous n’avez pas pris ce quiz